| 000 | 00439nam a2200145Ia 4500 | ||
|---|---|---|---|
| 008 | 150610s9999 xx 000 0 und d | ||
| 020 | _a0 140342893 | ||
| 050 |
_aPZ7 _b.C143Co 1990 |
||
| 100 | _aCameron, Eleanor, 1912- | ||
| 245 | 4 |
_aThe court of the stone children / _cby Eleanor Cameron. |
|
| 260 |
_aNew York : _bPuffin Books, _c1990. |
||
| 300 |
_a191pages ; _c20 cm. |
||
| 520 | _aFiction. | ||
| 650 | _xMystery and detective stories. | ||
| 999 |
_c288054 _d288054 |
||